[Event "IRL-chT"]
[Site "Dublin"]
[Date "2019.04.06"]
[Round "2.4"]
[White "Lohan, Martin"]
[Black "O'Brien, George"]
[Result "1-0"]
[WhiteElo "1737"]
[BlackElo "1873"]
[PlyCount "57"]
[EventDate "2019.04.05"]
[EventType "team-swiss"]
[EventRounds "5"]
[EventCountry "IRL"]
[SourceTitle "CBM 189 Extra"]
[Source "ChessBase"]
[SourceDate "2019.06.03"]
[SourceVersion "1"]
[SourceVersionDate "2019.06.03"]
[SourceQuality "1"]
[WhiteTeam "Dun Laoghaire"]
[BlackTeam "Ballinasloe"]
[WhiteTeamCountry "IRL"]
[BlackTeamCountry "IRL"]

1. Nf3 d6 2. g3 e5 3. d3 f5 4. Bg2 Nf6 5. 0-0 Be7 6. Nbd2 0-0 7. c3 Qe8 8. Qb3+ Qf7 9. Ng5 Qxb3 10. axb3 c6 11. Nc4 Na6 12. f4 h6 13. fxe5 Ng4 14. Nf3 d5 15. Ne3 Nc5 16. Nd4 Nxe5 17. b4 Ne6 18. Nexf5 Bf6 19. Nxe6 Bxe6 20. Bh3 Kh7 21. Bg2 Nf7 22. e4 g6 23. Ne3 Ng5 24. exd5 cxd5 25. Bxd5 Nh3+ 26. Kg2 Bd7 27. Bxb7 Rab8 28. Rxa7 Ng5 29. Bc6 1-0

[Event "EU-Cup 34th"]
[Site "Porto Carras"]
[Date "2018.10.17"]
[Round "6.3"]
[White "O'Brien, George"]
[Black "Hamiti, Gani"]
[Result "1/2-1/2"]
[WhiteElo "1902"]
[BlackElo "2149"]
[PlyCount "116"]
[EventDate "2018.10.12"]
[EventType "team-swiss"]
[EventRounds "7"]
[EventCountry "GRE"]
[SourceTitle "CBM 187"]
[Source "ChessBase"]
[SourceDate "2018.12.11"]
[SourceVersion "1"]
[SourceVersionDate "2018.12.11"]
[SourceQuality "1"]
[WhiteTeam "Ballinasloe"]
[BlackTeam "Dardania"]
[WhiteTeamCountry "IRL"]
[BlackTeamCountry "KOS"]

1. Nf3 d5 2. g3 Nf6 3. Bg2 e6 4. c4 Bd6 5. d4 0-0 6. b3 b6 7. Nbd2 Bb7 8. 0-0 c5 9. Bb2 Nbd7 10. e3 Re8 11. Ne5 Qc7 12. Nxd7 Qxd7 13. dxc5 bxc5 14. Bxf6 gxf6 15. Qg4+ Kh8 16. cxd5 f5 17. dxe6 fxe6 18. Qh5 Bxg2 19. Kxg2 e5 20. Nc4 Bc7 21. Rfd1 Qe6 22. Rd2 Re7 23. Rad1 Rf8 24. f4 exf4 25. exf4 Bxf4 26. Rd8 Bh6 27. Rxf8+ Bxf8 28. Rd8 Qe4+ 29. Qf3 Kg7 30. Qxe4 fxe4 31. Kf2 Re6 32. Rd7+ Kg6 33. Rxa7 Bg7 34. Rb7 Bd4+ 35. Ke2 Kg5 36. Rf7 h5 37. a4 Kg6 38. Rf4 Re8 39. a5 Rb8 40. Nb6 Bc3 41. Nc4 Bd4 42. Rxe4 Kf6 43. Kd2 Rxb3 44. a6 Rb4 45. Kd3 Ra4 46. Rh4 Kg5 47. Rf4 Rxa6 48. Ke4 Ra2 49. h4+ Kh6 50. Kd5 Rg2 51. Nd6 Kg6 52. Ne4 Rc2 53. g4 hxg4 54. Rxg4+ Kh5 55. Rf4 Rh2 56. Nxc5 Bxc5 57. Kxc5 Rxh4 58. Rxh4+ Kxh4 1/2-1/2